Important bird areas : (Registro nro. 7284)

Detalles MARC
000 -CABECERA
Campo de control 01100nam a2200313 i 4500
005 - FECHA Y HORA DE LA ULTIMA TRANSACCION
Campo de control 20200104041616.0
008 - ELEMENTOS DE LONGITUD FIJA—INFORMACION GENERAL
Campo de control 160113s2009 ec |||||r|||| 00| 0 eng d
020 ## - ISBN
ISBN 9789942995902
040 ## - FUENTE DE CATALOGACIÓN
Agencia catalogadora original CO-BoIAVH
Agencia transcriptora CO-BoIAVH
041 ## - IDIOMA
Código de idioma para texto/pista de sonido o título separado Inglés
044 ## - PAÍS DE PUBLICACIÓN
País de publicación Ecuador
082 04 - NUMERO DE CLASIFICACION DECIMAL DEWEY
Número de clasificación 598.9
Número del ítem B618i
245 00 - MENCION DE TITULO
Título Important bird areas :
Parte restante del título americas priority sites for biodiversity conservation /
Mención de responsabilidad senior editors and program managers Christian Devenish y (otros cuatro mas).
260 ## - PUBLICACION, DISTRIBUCION, ETC. (PIE DE IMPRENTA)
Lugar de publicación, distribución, etc. Quito :
Nombre del editor, distribuidor, etc. Birdlife International,
Fecha de publicación, distribución, etc. 2009
300 ## - DESCRIPCION FISICA
Extensión 456 páginas ;
Dimensiones 30 cm.
490 00 - MENCION DE SERIE
Mención de serie Birdlife conservation series ;
Designación numérica/secuencial del volumen 16
650 14 - ASIENTO SECUNDARIO DE MATERIA - TERMINO TEMATICO
Término temático o nombre geográfico como elemento de entrada Aves
Subdivisión general Conservación
9 (RLIN) 50141
650 24 - ASIENTO SECUNDARIO DE MATERIA - TERMINO TEMATICO
Término temático o nombre geográfico como elemento de entrada Conservación de la vida silvestre
9 (RLIN) 158
650 24 - ASIENTO SECUNDARIO DE MATERIA - TERMINO TEMATICO
Término temático o nombre geográfico como elemento de entrada Conservación de especies
9 (RLIN) 92692
650 24 - ASIENTO SECUNDARIO DE MATERIA - TERMINO TEMATICO
Término temático o nombre geográfico como elemento de entrada Conservación biológica
9 (RLIN) 98
650 24 - ASIENTO SECUNDARIO DE MATERIA - TERMINO TEMATICO
Término temático o nombre geográfico como elemento de entrada Protección de las aves
9 (RLIN) 25086
700 1# - ASIENTO SECUNDARIO - NOMBRE PERSONAL
Nombre personal Díaz Fernández, David F.
9 (RLIN) 50145
700 1# - ASIENTO SECUNDARIO - NOMBRE PERSONAL
Nombre personal Devenish, Christian
9 (RLIN) 1983
700 ## - ASIENTO SECUNDARIO - NOMBRE PERSONAL
Nombre personal Clay, Rob P.
9 (RLIN) 43409
700 ## - ASIENTO SECUNDARIO - NOMBRE PERSONAL
Nombre personal Davidson, Ian J.
9 (RLIN) 50146
700 ## - ASIENTO SECUNDARIO - NOMBRE PERSONAL
Nombre personal Yèpez Zabala, Itala
9 (RLIN) 50147
942 ## - ELEMENTOS ADICIONALES (KOHA)
Tipo de ítem Libro
Sistema de clasificación Dewey Decimal Classification
945 ## - PROCESAMIENTO LOCAL
AAAA-MM-DD - Fecha de ingreso o modificacion 2010-07-22
Existencias
Withdrawn status Lost status Sistema de Clasificación Damaged status No para préstamo Colección Inventariado Ubicación Permanente Ubicación actual Fecha de adquisición Fuente de Valor Valor Total Checkouts Número topográfico Inventario / Código de Barras Date last seen Ejemplar Price effective from Forma de adquisición Tipo de material
    Dewey Decimal Classification     General Inventariado 2017 Bogotá Bogotá 23/07/2013 Instituto 39000.00   LB-598.9 B618i 028355 23/07/2013 Ej. 1 23/07/2013   Libro
    Dewey Decimal Classification     General Inventariado 2017 Sala Fabio Quevedo Sala Fabio Quevedo 22/07/2010 Instituto 39000.00   LB-598.9 B618i 028187 04/12/2012 Ej.2 04/12/2012   Libro